History Quiz

Random History or Biography Quiz

The Explorer's Life Quiz Stats

Quiz Updated Apr 27, 2013

Also try: Famous Explorers
Challenge
Share
Tweet
Score 0/16 Timer 06:00
3 Plays Today
% Correct
1930-2012
94.1%
1451-1506
92.9%
1254-1324
80.3%
c. 970- c.1020
80%
1919-2008
77.4%
1480-1521
64.9%
1774-1809
62.9%
1872-1928
58.9%
% Correct
1770-1838
56%
1728-1779
52%
1540-1596
51.5%
1841-1904
49.2%
1496-1542
36.3%
1574-1635
25%
1681-1741
21.1%
1603-1659
18.8%

You're not logged in!

Compare scores with friends on all Sporcle quizzes.
Sign Up with Email
OR
Log In

You Might Also Like...

Show Comments

Extras

Top Quizzes Today


Score Distribution

Your Account Isn't Verified!

In order to create a playlist on Sporcle, you need to verify the email address you used during registration. Go to your Sporcle Settings to finish the process.

Report this User

Report this user for behavior that violates our Community Guidelines.

Details: